Regionálne aspekty zlyhania malých a stredných podnikov na Slovensku bakalárska práca

Na minha lista:
Detalhes bibliográficos
Autor principal: Brestovanská, Romana
Autor Corporativo: Národohospodárska fakulta EU. Katedra financií
Outros Autores: Káčer, Marek, 1976-
Formato: Livro
Idioma:eslovaco
Publicado em: Bratislava 2020
Tags: Adicionar Tag
Sem tags, seja o primeiro a adicionar uma tag!

MARC

LEADER 00000nbm a2200000 4500
001 0265621
005 20200925131931.6
041 0 |a slo 
044 |a SK 
245 1 0 |a Regionálne aspekty zlyhania malých a stredných podnikov na Slovensku  |b bakalárska práca  |c Romana Brestovanská ; školiteľ: Marek Káčer 
264 1 |a Bratislava  |c 2020 
300 |a 41 s. 
100 1 |a Brestovanská, Romana 
700 1 |a Káčer, Marek, 1976- 
710 2 |a Národohospodárska fakulta EU. Katedra financií